P2P networking and applications /

Peer-to-Peer (P2P) networks enable users to directly share digital content (such as audio, video, and text files) as well as real-time data (such as telephony traffic) with other users without depending on a central server. Although originally popularized by unlicensed online music services such as...

Full description

Bibliographic Details
Main Author: Koegel Buford, John F.
Corporate Author: ScienceDirect (Online service)
Other Authors: Yu, Hong Heather, 1967-, Lua, Eng Keong
Format: eBook
Language:English
Language Notes:English.
Published: Amsterdam ; Boston : Elsevier/Morgan Kaufmann, ©2009.
Series:Morgan Kaufmann series in networking.
Subjects:
Online Access:Connect to the full text of this electronic book

MARC

Tag First Indicator Second Indicator Subfields
LEADER 00000cam a2200000 a 4500
001 in00005737621
005 20260326161934.7
006 m o d
007 cr cn|||||||||
008 090413s2009 ne a ob 001 0 eng d
010 |z  2009278545 
040 |a OPELS  |b eng  |e pn  |c OPELS  |d OPELS  |d OCLCQ  |d COO  |d N$T  |d YDXCP  |d IWA  |d CDX  |d IDEBK  |d E7B  |d CEF  |d C7D  |d B24X7  |d DKDLA  |d OCLCQ  |d EBLCP  |d OCLCQ  |d OCLCF  |d OCLCQ  |d DEBSZ  |d OCLCQ  |d OTZ  |d LIV  |d MERUC  |d D6H  |d INT  |d OCLCQ  |d WYU  |d YOU  |d CANPU  |d UKMGB  |d OCLCQ  |d UAB  |d LEAUB  |d AU@  |d CNTRU  |d VT2  |d OCLCQ  |d VLY  |d BRF  |d IPAAE  |d OCLCO  |d OCLCQ  |d OCLCO  |d OCLCL  |d SXB  |d OCLCQ  |d OCLCO  |d OCLCL  |d INARC 
015 |a GBA8C3434  |2 bnb 
015 |a GBB6H5810  |2 bnb 
016 7 |a 014787869  |2 Uk 
016 7 |a 017593199  |2 Uk 
019 |a 385568560  |a 427421154  |a 456907309  |a 646802976  |a 696034566  |a 765143730  |a 769362617  |a 771282232  |a 994958162  |a 1044308405  |a 1056409758  |a 1062293339  |a 1063812030  |a 1064006198  |a 1071851294  |a 1078120187  |a 1087400962  |a 1097297543  |a 1103264546  |a 1129339036  |a 1136293628  |a 1153033194  |a 1162227935  |a 1192338887  |a 1240512708  |a 1264789120  |a 1319409318 
020 |a 9780123742148 
020 |a 0123742145 
020 |a 9780080921198  |q (electronic bk.) 
020 |a 0080921191  |q (electronic bk.) 
020 |a 1282287206 
020 |a 9781282287204 
020 |a 9786612287206 
020 |a 6612287209 
020 |a 9788131222492 
020 |a 8131222497 
035 |a (OCoLC)318353755  |z (OCoLC)385568560  |z (OCoLC)427421154  |z (OCoLC)456907309  |z (OCoLC)646802976  |z (OCoLC)696034566  |z (OCoLC)765143730  |z (OCoLC)769362617  |z (OCoLC)771282232  |z (OCoLC)994958162  |z (OCoLC)1044308405  |z (OCoLC)1056409758  |z (OCoLC)1062293339  |z (OCoLC)1063812030  |z (OCoLC)1064006198  |z (OCoLC)1071851294  |z (OCoLC)1078120187  |z (OCoLC)1087400962  |z (OCoLC)1097297543  |z (OCoLC)1103264546  |z (OCoLC)1129339036  |z (OCoLC)1136293628  |z (OCoLC)1153033194  |z (OCoLC)1162227935  |z (OCoLC)1192338887  |z (OCoLC)1240512708  |z (OCoLC)1264789120  |z (OCoLC)1319409318 
037 |a 141962:142108  |b Elsevier Science & Technology  |n http://www.sciencedirect.com 
050 4 |a TK5105.525  |b .K64 2009 
072 7 |a COM  |x 043000  |2 bisacsh 
082 0 4 |a 004.65  |2 22 
049 |a TXAM 
100 1 |a Koegel Buford, John F.  |1 https://id.oclc.org/worldcat/entity/E39PCjCwb3XfvFRqMTQ9xTd6Vd 
245 1 0 |a P2P networking and applications /  |c John F. Buford, Heather Yu, Eng Keong Lua. 
260 |a Amsterdam ;  |a Boston :  |b Elsevier/Morgan Kaufmann,  |c ©2009. 
300 |a 1 online resource (xxi, 415 pages) :  |b illustrations 
336 |a text  |b txt  |2 rdacontent 
337 |a computer  |b c  |2 rdamedia 
338 |a online resource  |b cr  |2 rdacarrier 
490 1 |a The Morgan Kaufmann series in networking 
520 |a Peer-to-Peer (P2P) networks enable users to directly share digital content (such as audio, video, and text files) as well as real-time data (such as telephony traffic) with other users without depending on a central server. Although originally popularized by unlicensed online music services such as Napster, P2P networking has recently emerged as a viable multimillion dollar business model for the distribution of academic and clinical information, telecommunications, and social networking. Written at an accessible level for any reader familiar with fundamental Internet protocols, Peer-to-Peer Networking and Applications explains the conceptual operations and architecture underlying basic P2P systems using well-known commercial systems as models. The book also delineates the latest research directions, thereby providing not only a sophisticated understanding of current systems, but also the means to improve upon these systems with innovations that will better performance, security, and flexibility. Peer-to-Peer Networking and Applications is thus both a valuable starting point and an important reference to those practioners employed by any of the 200 companies with approximately $400 million invested in this new and lucrative technology. * Uses well-known commercial P2P systems as models, thus demonstrating real-world applicability. Discusses how current research trends in wireless networking, high-def content, DRM, etc. will intersect with P2P, allowing readers to account for future developments in their designs. Provides online access to the Overlay Weaver P2P emulator, an open source tool that supports a number of peer-to-peer applications with which readers can practice. 
505 0 |a Ch1: Introduction -- Ch2: Peer-to-Peer Concepts -- Ch3: Unstructured Overlays -- Ch4: Structured Overlays-Geometry and Routing -- Ch5: Overlay Dynamics -- Ch6: Peer-to-Peer in Practice -- Ch7: Search -- Ch8: Peer-to-Peer Content Delivery -- Ch9: Peercasting and Overlay Multicasting -- Ch10: Measurement -- Ch11: Service Overlays -- Ch12: Voice over Peer-to-Peer -- Ch13: Mobility -- Ch14: Security -- Ch15: Managed Overlays. 
504 |a Includes bibliographical references (pages 367-397) and index. 
588 0 |a Print version record. 
546 |a English. 
650 0 |a Peer-to-peer architecture (Computer networks) 
650 6 |a P2P (Réseaux d'ordinateurs) 
650 7 |a COMPUTERS  |x Networking  |x General.  |2 bisacsh 
650 7 |a Peer-to-peer architecture (Computer networks)  |2 fast 
655 7 |a Electronic books.  |2 local 
700 1 |a Yu, Hong Heather,  |d 1967-  |1 https://id.oclc.org/worldcat/entity/E39PCjtrR8PXrtX6Yq3bcTmFjC 
700 1 |a Lua, Eng Keong.  |1 https://id.oclc.org/worldcat/entity/E39PCjxw8W438PwhMFhXh7Yfmd 
710 2 |a ScienceDirect (Online service) 
758 |i has work:  |a P2P networking and applications (Text)  |1 https://id.oclc.org/worldcat/entity/E39PCG86b8VYbP4qdyXgvjPQpX  |4 https://id.oclc.org/worldcat/ontology/hasWork 
776 0 8 |i Print version:  |a Koegel Buford, John F.  |t P2P networking and applications.  |d Amsterdam ; Boston : Elsevier/Morgan Kaufmann, ©2009  |z 9780123742148  |z 0123742145  |w (OCoLC)267167232 
830 0 |a Morgan Kaufmann series in networking. 
856 4 0 |u http://proxy.library.tamu.edu/login?url=https://www.sciencedirect.com/science/book/9780123742148  |z Connect to the full text of this electronic book  |t 0 
955 |a Elsevier ScienceDirect 2026-2027 
994 |a 92  |b TXA 
999 f f |i 51daec62-b6f1-49e8-932a-b9994b3cb914  |s 28e5815f-d417-41d1-a850-1f293da79e6e  |t 0 
952 f f |a Texas A&M University  |b College Station  |c Electronic Resources  |s www_evans  |d Available Online  |t 0  |e TK5105.525 .K64 2009  |h Library of Congress classification 
998 f f |a TK5105.525 .K64 2009  |t 0  |l Available Online